Créateur dans le nom... ou pas ? - Statistiques

Statistiques générales
  • Ce quiz a été pris 207 fois
  • Le résultat moyen est 11 sur 16
Statistiques - réponses
Question Réponse % Correct
Les Fables de La Fontaine Écrites par La Fontaine
98%
Les Fourberies de Scapin Pas écrit par Scapin
95%
Le Boléro de Ravel Composé par Ravel
93%
Le Journal d'Anne Frank Écrit par Anne Frank
91%
Le Journal de Bridget Jones Pas réalisé par Bridget Jones
88%
Le Mariage de Figaro Pas écrit par Figaro
85%
La Liste de Schindler Pas réalisé par Schindler
81%
La Vénus de Milo Pas sculptée par Milo
81%
Les Lettres de Mon Moulin Pas écrites par Mon Moulin
80%
Le Canon de Pachelbel Composé par Pachelbel
65%
La Damnation de Faust Pas composée par Faust
57%
Les élucubrations d'Antoine Chantée par Antoine
46%
La Chanson de Prévert Pas chantée par Prévert
44%
Dans la peau de John Malkovich Joué par John Malkovich
43%
La Liste de Rose Chantée par Rose
39%
Le Théorème de Pythagore Pas découvert par Pythagore
12%
Aucun quiz correspondant
Distribution des résultats
% des personnes avec chaque résultat
Percentile par nombre de réponses
Votre historique - résultats
Vous n’avez pas pris ce quiz